000
00308nam a2200133 a 4500
005
20140414132117.0
008
111117s19uu xx 00 eng d
050
_a
REF 641.5
_b
C28 1997
100
_a
Cate, Andrew
245
_a
Slim, trim and tasty.
650
_a
Diet
650
_a
Recipe
999
_c
114961
_d
114961